000 00402 a2200121 4500
001 ART_7721
005 20260410161555.0
008 260409a
245 1 0 _aLa conservación de los suelos en las empresas de producción agropecuaria. Un costo oculto
100 1 _aDíaz, Teresa
700 1 _aJaime, Diego
773 0 _tProfesional & Empresaria
_g- Año X, Nº 109 (oct. 2008)
_wREV70
999 _c9174
_d9174